000
00337nam a2200145 a 4500
008
970530s1954||||xx 0 und c
040
_a
SNK
_b
slo
_c
SNK
_e
AACR2
100
1
_a
Hoza, Štefan
245
1
0
_a
Opera na Slovensku 2
260
_a
Martin
_b
Osveta
_c
1954
300
_a
431 s.
044
_a
xo
_c
SK
041
_a
slo
020
_c
41,10
999
_c
15100
_d
15100